000 00543nam a2200193Ia 4500
005 20250326141130.0
008 250326s9999 xx 000 0 und d
020 _a1-85898-361-4
037 _aTextbook
040 _aFMSL
_beng
_cFMSL
041 _aeng
_2eng
084 _aX:8.56 N6
_qFMSL
100 _aPuffers M
_9743778
245 0 _aBusiness and management Russia
_cPuffers M
260 _aUnited Kingdom
_bUnited Kingdom, Edward Elger
_c1996
300 _axii,330
942 _cTB
_hX:8.56 N6
999 _c1288848
_d1288848